ASoIaF Characters by House Quiz Stats

 Plays Quiz Updated Jun 26, 2016

Challenge
Share
Tweet
Embed
Score 0/50 Timer 08:00
0 Plays Today
% Correct
Stark
95.1%
Baratheon
94.5%
Stark
93.9%
Lannister
93.8%
Stark
93.4%
Stark
93.4%
Lannister
93.1%
Stark
92.9%
Stark
92.9%
Stark
92.7%
Greyjoy
92.7%
Baratheon
92.6%
Targaryen
92.5%
Targaryen
92%
Clegane
91.9%
Frey
91.3%
Mormont
91.2%
Lannister
91.1%
Baratheon
91.1%
Targaryen
90.6%
Lannister
90.5%
Stark
90%
Tyrell
88.2%
Clegane
88.2%
Martell
88.1%
% Correct
Targaryen
86.9%
Lannister
86.7%
Martell
86.1%
Tully
85.1%
Greyjoy
84%
Reed
82.8%
Mormont
81.7%
Targaryen
81.2%
Stark
79.9%
Baratheon
78.1%
Tyrell
77.1%
Tully
76.9%
Martell
76.8%
Lannister
76.6%
Greyjoy
75.3%
Tyrell
75.1%
Reed
74.8%
Tully
70.4%
Tully
66.4%
Martell
65.3%
Martell
59.7%
Tyrell
56.4%
Tully
53.2%
Frey
52.9%
Martell
51.9%

You're not logged in!

Compare scores with friends on all Sporcle quizzes.
Join for Free
OR
Log In

You Might Also Like...

Show Comments

Extras

Top Quizzes Today


Score Distribution

Your Account Isn't Verified!

In order to create a playlist on Sporcle, you need to verify the email address you used during registration. Go to your Sporcle Settings to finish the process.

Report this User

Report this user for behavior that violates our Community Guidelines.

Details: